000 00487nam a22001937i 4500
001 4394
003 OSt
005 20170126082334.0
007 tu
008 161220s1989 xxu||||| |||| 00| 0 d
024 7 _a4393
_2RID
040 _cOSt
084 _a8.21
_a8.23
_2z
245 0 0 _aResearch Project on National Income in East Central Europe
260 _aNew York,
_c1989.
300 _c30cm
490 _aOccasional Papers
_v105-109
110 2 _aL.W. International Financial Research, Inc.
_eEd.
942 _cB
999 _c4315
_d4315